banner koha

Auxinas e boro no comprimento da maior raiz e número de estacas enraizadas de guaco (Mikania glomerata Sprengel), alecrim (Rosmarinus officinalis L.)e carqueja (Baccharis trimera Less A.P.D.C.)em duas épocas de plantio (Registro n. 175100)

MARC details
000 -LÍDER
campo de controle de tamanho fixo 01097nas a2200325 4500
001 - NÚMERO DE CONTROLE
campo de controle BR0302894
003 - IDENTIFICADOR DO NÚMERO DE CONTROLE
campo de controle BR-BrBNA
005 - DATA E HORÁRIO DA ÚLTIMA TRANSAÇÃO
campo de controle 20231205103845.0
007 - CAMPO FIXO DE DESCRIÇÃO FÍSICA--INFORMAÇÃO GERAL
campo de controle de tamanho fixo ta
008 - CAMPO DE DADOS FIXOS--INFORMAÇÃO GERAL
campo de controle de tamanho fixo 230509b bl.|||p| |||| 00| 00por d
040 ## - FONTE DA CATALOGAÇÃO
Instituição da catalogação original BR-BrBNA
Idioma da catalogação por
Instituição que transcreveu o registro Biblioteca Nacional de Agricultura
041 ## - CÓDIGO DE IDIOMA
Código do idioma do texto/trilha sonora ou título diferente (Pt)
072 ## - CÓDIGO DE CATEGORIA DE ASSUNTO
Código de Categoria de Assunto F02; F01
100 1# - ENTRADA PRINCIPAL--NOME PESSOAL
Nome pessoal Scalon, S.P.Q.
100 1# - ENTRADA PRINCIPAL--NOME PESSOAL
Nome pessoal Ramos, M.B.M.
100 1# - ENTRADA PRINCIPAL--NOME PESSOAL
Nome pessoal Vieira, M. do C.
245 1# - TÍTULO
Título Auxinas e boro no comprimento da maior raiz e número de estacas enraizadas de guaco (Mikania glomerata Sprengel), alecrim (Rosmarinus officinalis L.)e carqueja (Baccharis trimera Less A.P.D.C.)em duas épocas de plantio
650 ## - ASSUNTO--TERMO TÓPICO
Cabeçalho tópico ou nome geográfico GUACO
650 ## - ASSUNTO--TERMO TÓPICO
Cabeçalho tópico ou nome geográfico ALECRIM
650 ## - ASSUNTO--TERMO TÓPICO
Cabeçalho tópico ou nome geográfico CARQUEJA
650 ## - ASSUNTO--TERMO TÓPICO
Cabeçalho tópico ou nome geográfico PLANTA MEDICINAL
650 ## - ASSUNTO--TERMO TÓPICO
Cabeçalho tópico ou nome geográfico PROPAGAÇÃO VEGETATIVA
650 ## - ASSUNTO--TERMO TÓPICO
Cabeçalho tópico ou nome geográfico ÉPOCA DE PLANTIO
650 ## - ASSUNTO--TERMO TÓPICO
Cabeçalho tópico ou nome geográfico ENRAIZAMENTO DE ESTACA
650 ## - ASSUNTO--TERMO TÓPICO
Cabeçalho tópico ou nome geográfico AUXINA
650 ## - ASSUNTO--TERMO TÓPICO
Cabeçalho tópico ou nome geográfico BORO
773 0# - ENTRADA ANALÍTICA
Título Revista Brasileira de Plantas Medicinais (Brazil)
ISSN - International Standard Serial Number ISSN 1516-0572
Partes relacionadas (Apr 2003), v. 5(2) p. 71-76
Número de controle do registro BR0302894
909 ## -
-- 202311
-- Lúcia
-- 55
-- Lúcia Elande
942 ## - ELEMENTOS DE ENTRADA ADICIONADOS (KOHA)
Fonte da classificação ou esquema de arquivamento na estante Classificação AGRIS
Ocultar no OPAC Não
Tipo de material Koha Analítica
Exemplares
Situação do descarte Fonte da classificação ou esquema de arquivamento na estante Situação física Não pode ser emprestado Biblioteca de origem Biblioteca atual Localização na estante Enumeração do periódico / cronologia Total de empréstimos Data de último acesso Número do exemplar Tipo de material Koha Fonte de aquisição
  Classificação AGRIS   Consulta local Biblioteca Nacional de Agricultura - Binagri Biblioteca Nacional de Agricultura - Binagri   (Apr 2003), v. 5(2) p. 71-76   29/11/2023 01 Periódicos Portaria Interministerial nº 164/94

BINAGRI

Telefone: (61)3218-2567/2388/3357/2097 - binagri@agro.gov.br

Ministério da Agricultura e Pecuária , Esplanada dos Ministérios, Bloco D, Anexo B, Brasília/DF, CEP: 70.043-900